Current diagnosis & treatment of sexually transmitted diseases (Record no. 28827)

MARC details
000 -LEADER
fixed length control field 00523nam a2200169Ia 4500
020 ## - INTERNATIONAL STANDARD BOOK NUMBER
ISBN 9780071456067
050 ## - CALL MARK
Classification number RC 200 .C876/
245 #0 - TITLE STATEMENT
Title Current diagnosis & treatment of sexually transmitted diseases
260 ## - PUBLICATION, DISTRIBUTION, ETC. (IMPRINT)
Place of publication New York
260 ## - PUBLICATION, DISTRIBUTION, ETC. (IMPRINT)
Name of publisher Mc Graw Hill
260 ## - PUBLICATION, DISTRIBUTION, ETC. (IMPRINT)
Year of publication 2001
300 ## - PHYSICAL DESCRIPTION
Number of Pages 248 p
650 ## - SUBJECT ADDED ENTRY--TOPICAL TERM
Topical Term Sexually transmitted diseases. Sexually Transmitted Diseases--diagnosis. Sexually Transmitted Diseases--therapy.
942 ## - ADDED ENTRY ELEMENTS (KOHA)
Koha item type Books
Holdings
Withdrawn status Lost status Source of classification or shelving scheme Damaged status Not for loan Permanent Location Current Location Date acquired Accession Number Price effective from Koha item type
    Library of Congress Classification     NILE UNIVERSITY OF NIGERIA - MAIN LIBRARY NILE UNIVERSITY OF NIGERIA - MAIN LIBRARY 04/23/2025 0000053 04/23/2025 Books